000 00280nam a2200109Ia 4500
008 231219s9999 xx 000 0 und d
041 _aeng
100 _aEugene F.Brigham.
245 _aFundamentals Of Financial Management.
260 _bThe Dryden Press.
650 _aManagement
999 _c974657
_d974657